00787nam a2200229Ia 4500003000900000008004100009040001300050040001300063041000800076100002400084245003100108250001100139260001400150260000900164300001200173490001900185490001200204600011900216942000700335999001700342952019800359IT-RoPAU120407s9999 xx 000 0 und d aIT-RoPAU cIT-RoPAU aita aMichel de Montaigne aSaggi. A cura di V. Enrico aMilano aMondadori c1986 c18,5 cm aOscar classici v1919293 a"v. 1°: Libro Primo. p. 351. v. 2°: Libro Secondo. p. 486. v. 3°: Libro Terzo. p. 361" cBK c17520d17520 00102ddc406194_21000000000000071aPAULUSbPAULUSd2012-04-11l0o194.21r2012-04-11 00:00:00w2012-04-11yBKzInserito da: Jole In data: 12 settembre 2011 fondo: Via A.Severo 56 Progr:31654